Squid Game Season 1 Episode Names - Statistics

General Stats
  • This quiz has been taken 117 times
  • The average score is 6 of 9
Answer Stats
Episode Number Episode Name % Correct
1 Red Light Green Light
95%
2 Hell
68%
3 The Man With The Umbrella
67%
7 VIPs
66%
6 Gganbu
62%
9 One Lucky Day
55%
8 Front Man
54%
4 Stick To The Team
49%
5 A Fair World
47%
No matching quizzes found
Score Distribution
Percent of People with Each Score
Percentile by Number Answered
Your Score History
You have not taken this quiz